Tennisti con il maggior numero di semifinali negli Slam - Statistics

Statistiche generali
  • Questo quiz è stato fatto 11 volte
  • Il punteggio medio è 11 su 12
Statistiche sulle risposte
Nazione Numero di semifinali Tennista % Corretto
Stati Uniti 26 Andre Agassi
100%
Svezia 17 Björn Borg
100%
Serbia 47 Novak Djokovic
100%
Stati Uniti 23 Pete Sampras
100%
Spagna 38 Rafael Nadal
100%
Svizzera 46 Roger Federer
100%
Regno Unito 21 Andy Murray
91%
Germania Ovest / Germania 18 Boris Becker
91%
Cecoslovacchia 28 Ivan Lendl
91%
Stati Uniti 19 John McEnroe
91%
Svezia 19 Stefan Edberg
91%
Stati Uniti 31 Jimmy Connors
73%
Nessun quiz corrispondente trovato
Distribuzione punteggi
Percentuale di utenti per punteggio
Percentile per numero di risposta
I tuoi punteggi nel tempo
Non hai fatto questo quiz